The supernatural in short fiction of the Americas : the other world in the New World
Αποθηκεύτηκε σε:
| Κύριος συγγραφέας: | |
|---|---|
| Μορφή: | Βιβλίο |
| Γλώσσα: | English |
| Δημοσίευση: |
Westport; London :
Greenwood Press,
[2001]
|
| Σειρά: | Contributions to the study of science fiction and fantasy ;
; 96 |
| Θέματα: | |
| Ετικέτες: |
Προσθήκη ετικέτας
Δεν υπάρχουν, Καταχωρήστε ετικέτα πρώτοι!
|
MARC
| LEADER | 00000nam a2200000 i 4500 | ||
|---|---|---|---|
| 001 | 1/61620 | ||
| 008 | 071103s2001 eng d | ||
| 020 | |a 0-313-31939-1 (hbk.) | ||
| 022 | |a 01936875 | ||
| 035 | |l 10092046 | ||
| 040 | |a GR-MY-UA |b gre |e aacr | ||
| 041 | 0 | |a eng | |
| 082 | 0 | |a 809.38766 |2 (22) | |
| 100 | 1 | |a Del George, Dana |d 1970- | |
| 245 | 1 | 4 | |a The supernatural in short fiction of the Americas : |b the other world in the New World / |c Dana Del George |
| 260 | |a Westport; London : |b Greenwood Press, |c [2001] | ||
| 300 | |a xv, 154 σ.; |c 24 εκ. | ||
| 490 | 1 | |a Contributions to the Study of Science Fiction and Fantasy |v ; 96 | |
| 504 | |a Βιβλιογραφία: σ. [139]-149. Ευρετήριο | ||
| 650 | 0 | 0 | |a Short story. |
| 650 | 0 | 0 | |a Supernatural in literature. |
| 650 | 0 | 0 | |a Fantasy fiction, American |x History and criticism. |
| 650 | 0 | 0 | |a Fantasy fiction, Latin American |x History and criticism. |
| 830 | 0 | |a Contributions to the study of science fiction and fantasy ; |v ; 96 | |
| 852 | |a INST |b RHODES |e 20071103 |h 809.38766 DEL |p 005400025332 |q 005400025332 |t BK |y 0 | ||
| 901 | |a BIBL4-2007-3 | ||
| 909 | |a Ρ |b 140046 | ||
| 922 | |a 4ΕΛΗ |b 200710 |c ΕΠΕΑΕΚ2/ΠΤΔΕ |d ΠΑΠΑΣΩΤΗΡΙΟΥ | ||
| 970 | |a ΧΑΡΙΟΠΟΛΙΤΟΥ |b ΚΩΝΣΤΑΝΤΙΝΑ |z 2007/11/03 | ||